000 00550nam a2200181Ia 4500
008 151018s9999 xx 000 0 und d
082 _bRBASDV32748
_a891.433
100 _aराजेंद्र यादव
245 _aसारा आकाश
250 _b22
260 _bराधाकृष्ण
_c1999
300 _a181
600 _aराजेंद्र यादव
630 _aसारा आकाश
700 _aराजेंद्र यादव
730 _aसारा आकाश
942 _cBOOK
999 _c1032267
_d1032264